000 00335nam a2200145Ia 4500
008 191201s2009 xx 000 0 und d
082 _a005.133
_bTED
100 _aTENENBAUM, A
245 0 _aData Structures Using C
250 _aImp.
260 _aN.Delhi
_bPearson
_c2009
300 _a656
650 _aB.Tech(IT)
942 _2ddc
_cBK
999 _c4051
_d4051